| 000 | 00481nam a2200205Ia 4500 | ||
|---|---|---|---|
| 008 | 170918s9999 xx 000 0 und d | ||
| 020 | _a9780142418574 | ||
| 050 | _bF583 2010 | ||
| 100 | _aFlanagan, John | ||
| 245 | 4 | _aThe kings of Clonmel / | |
| 245 | _cby John Flanagan. | ||
| 260 | _aUSA : | ||
| 260 | _bPuffin Books, | ||
| 260 | _c2010 | ||
| 300 | _a355 pages : | ||
| 300 | _billustrations ; | ||
| 300 | _c19cm. | ||
| 300 | _eRanger's apprentice ; | ||
| 440 | _a8 | ||
| 999 |
_c343377 _d343377 |
||